Cookie's week / (Record no. 3172)

MARC details
000 -LEADER
fixed length control field 00884pam a2200277 a 4500
005 - DATE AND TIME OF LATEST TRANSACTION
control field 20240215111831.0
020 ## - INTERNATIONAL STANDARD BOOK NUMBER
International Standard Book Number 9780590436045
040 ## - CATALOGING SOURCE
Original cataloging agency DLC
Transcribing agency DLC
Modifying agency DLC
Language of cataloging eng
050 00 - LIBRARY OF CONGRESS CALL NUMBER
Classification number PZ7.W187
Item number 1988
082 00 - DEWEY DECIMAL CLASSIFICATION NUMBER
Classification number 813
100 1# - MAIN ENTRY--PERSONAL NAME
Personal name Ward, Cindy
245 10 - TITLE STATEMENT
Title Cookie's week /
Statement of responsibility, etc. by Ward, Cindy ; illustrated by DePaola, Tomie
250 ## - EDITION STATEMENT
Edition statement First Scholastic printing, September 1990
260 ## - PUBLICATION, DISTRIBUTION, ETC.
Place of publication, distribution, etc. New York :
Name of publisher, distributor, etc. Scholastic ,
Date of publication, distribution, etc. 1988
300 ## - PHYSICAL DESCRIPTION
Extent 29 unnumbered pages :
Other physical details color illustrations ;
Dimensions 19 cm.
505 ## - FORMATTED CONTENTS NOTE
Formatted contents note F <br/>
520 ## - SUMMARY, ETC.
Summary, etc. Cookie the cat gets into a different kind of mischief every day of the week.
521 ## - TARGET AUDIENCE NOTE
Target audience note 360 <br/><br/>
Source Lexile <br/>
521 ## - TARGET AUDIENCE NOTE
Target audience note F <br/>
Source Raz-Plus <br/>
650 #1 - SUBJECT ADDED ENTRY--TOPICAL TERM
Topical term or geographic name entry element Cats
Form subdivision Fiction
650 #1 - SUBJECT ADDED ENTRY--TOPICAL TERM
Topical term or geographic name entry element Days
Form subdivision Fiction
700 1# - ADDED ENTRY--PERSONAL NAME
Personal name DePaola, Tomie
Dates associated with a name 1934-2020
Relator term illustrator
906 ## - LOCAL DATA ELEMENT F, LDF (RLIN)
a 7
b cbc
c orignew
d 1
e ocip
f 19
g y-gencatlg
942 ## - ADDED ENTRY ELEMENTS (KOHA)
Source of classification or shelving scheme Dewey Decimal Classification
Koha item type Books
Suppress in OPAC No
999 ## -
-- 3172
-- 3172
Holdings
Withdrawn status Lost status Source of classification or shelving scheme Damaged status Not for loan Collection Home library Current library Shelving location Date acquired Total Checkouts Full call number Barcode Date last seen Copy number Price effective from Koha item type
    Dewey Decimal Classification     Juvenile Fiction Footprints International School Library Network Toul Kork Campus Footprints International School Library Network Toul Kork Campus   02/15/2024   WAR 813 PZ7.W187 FISTK02378 02/15/2024 1 02/15/2024 Books
    Dewey Decimal Classification     Juvenile Fiction Footprints International School Library Network Toul Kork Campus Footprints International School Library Network Toul Kork Campus   02/15/2024   WAR 813 PZ7.W187 FISTK04055 05/07/2024 2 02/15/2024 Books